000 00840nam a22002297a 4500
008 130821s2011 fr ab gr fre
020 _a9782228906685
040 _aCO-BoUCM
_cAngélica Rojas
_bspa
_dAldemar Mondragón
041 0 0 _afre
100 1 _aLavallé, Bernard
_936419
245 1 0 _aEl dorados d'Amérique
_bmythes, mirages et réalités
_cBernard Lavallé
260 _aParís (Francia)
_bPayot
_c2011
300 _a296 páginas
_bilustraciones, mapas
490 0 _aHistoire
504 _aIncluye referencias bibliográficas e índices
651 4 _aAmérica
_xDescubrimiento y exploración
_936421
651 4 _aAmérica
_xHistoria
_y-1810
_936422
651 4 _aAmérica
_xHistoria
_y1810-
_936423
690 _aHistoria de América
942 _cLIBRO
_a21
_e1
_mL394e
_2DEWEY
_h980.013
999 _c165969
_d165969